[Event "First Saturday 2011 februar FM-A"]
[Site "Budapest"]
[Date "2011.02.12"]
[Round "8"]
[White "Tomasek, Tamas Mate"]
[Black "Borda, Lajos"]
[Result "1-0"]
[WhiteElo "1986"]
[BlackElo "2108"]
[PlyCount "61"]
[EventDate "2011.02.05"]

1. d4 Nf6 2. Nf3 g6 3. g3 Bg7 4. Bg2 O-O 5. O-O d6 6. c4 c6 7. Nc3 Bg4 8. h3
Bxf3 9. Bxf3 Nbd7 10. Qb3 Qc7 11. Bg5 h6 12. Bxf6 Bxf6 13. Rad1 Rfd8 14. Qc2
Nb6 15. Ne4 Bg7 16. e3 Rac8 17. b3 f5 18. Nc3 d5 19. cxd5 cxd5 20. Rc1 e5 21.
Qd2 exd4 22. Nxd5 dxe3 23. Qxe3 Qb8 24. Ne7+ Kh8 25. Nxc8 Nxc8 26. Rfd1 Rf8 27.
Rd7 f4 28. gxf4 Nd6 29. Rcc7 Nf5 30. Rxg7 Nxg7 31. Qe7 1-0

[Event "First Saturday 2011 februar FM-A"]
[Site "Budapest"]
[Date "2011.02.12"]
[Round "8"]
[White "Zala, Gyula"]
[Black "Juracsik, Jozsef"]
[Result "0-1"]
[WhiteElo "2023"]
[BlackElo "2241"]
[PlyCount "104"]
[EventDate "2011.02.05"]

1. d4 Nf6 2. c3 b6 3. e3 Bb7 4. f4 c5 5. Nf3 g6 6. Be2 Bg7 7. O-O O-O 8. Nbd2
d6 9. Qe1 Nbd7 10. Ng5 h6 11. Nh3 e5 12. Bf3 Bxf3 13. Nxf3 exd4 14. exd4 Re8
15. Qd1 Ne4 16. Qd3 Rc8 17. Nf2 Nxf2 18. Rxf2 cxd4 19. cxd4 Nf6 20. Bd2 Qd7 21.
Rff1 Ne4 22. Rfe1 Nxd2 23. Qxd2 Qf5 24. Rxe8+ Rxe8 25. Re1 Rxe1+ 26. Nxe1 Qb1
27. Kf2 Qxa2 28. Nf3 Qc4 29. h4 a5 30. Qc3 Qd5 31. Ke3 Qe6+ 32. Kf2 Qe4 33. g3
Bf6 34. Qc8+ Kg7 35. Qc4 h5 36. Qc3 b5 37. Qe3 Qd5 38. Qd3 a4 39. Ke2 b4 40.
Kd2 a3 41. bxa3 Qa2+ 42. Kc1 bxa3 43. Qc3 Qf2 44. Qxa3 Qxg3 45. Qe3 Bxh4 46.
Kd2 Bf6 47. Ke2 h4 48. Ng1 Qg2+ 49. Kd3 Qf1+ 50. Ke4 Qc4 51. Qh3 d5+ 52. Kf3
Bxd4 0-1

[Event "First Saturday 2011 februar FM-A"]
[Site "Budapest"]
[Date "2011.02.12"]
[Round "8"]
[White "Erdos, Boglarka"]
[Black "Lakat, Gyula"]
[Result "1-0"]
[WhiteElo "2157"]
[BlackElo "1930"]
[PlyCount "120"]
[EventDate "2011.02.05"]

1. e4 c5 2. Nf3 Nc6 3. Nc3 g6 4. d4 cxd4 5. Nxd4 Bg7 6. Be3 d6 7. Be2 Nf6 8.
Nb3 Be6 9. O-O O-O 10. f4 Rc8 11. Kh1 a6 12. Nd4 Nxd4 13. Bxd4 b5 14. Bf3 Qc7
15. Rc1 Rfd8 16. a4 Bc4 17. Re1 e5 18. Be3 b4 19. Nd5 Nxd5 20. exd5 e4 21. Bxe4
Bxb2 22. Rb1 Bc3 23. Bd2 Ba2 24. Bxc3 Qxc3 25. Ra1 Bc4 26. Qf3 Qxf3 27. Bxf3
Rc5 28. Rad1 Ra5 29. Rd4 Rc8 30. h3 Rxa4 31. Ree4 Bb5 32. Rxb4 Ra1+ 33. Kh2
Rxc2 34. Re7 Ra3 35. Kg3 Rd2 36. Kg4 Kf8 37. Ra7 Re3 38. f5 Kg7 39. Rf4 gxf5+
40. Rxf5 Rd4+ 41. Kg3 Be8 42. Rxa6 Kg6 43. Rf4 Rxf3+ 44. gxf3 Rxd5 45. Ra8 Re5
46. Rd8 d5 47. Rd6+ Kg7 48. Rd4 f6 49. R6xd5 Re7 50. Rg4+ Kf8 51. h4 Bd7 52.
Rf4 f5 53. Rd6 Be6 54. Rb4 Kf7 55. Kf4 Kf6 56. Rbb6 Kf7 57. h5 Bc8 58. Rf6+ Kg7
59. h6+ Kg8 60. Rbd6 Bd7 {after 6 move} 1-0

[Event "First Saturday 2011 februar FM-A"]
[Site "Budapest"]
[Date "2011.02.13"]
[Round "9"]
[White "Lakat, Gyula"]
[Black "Tomasek, Tamas Mate"]
[Result "1-0"]
[WhiteElo "1930"]
[BlackElo "1986"]
[PlyCount "129"]
[EventDate "2011.02.05"]

1. e4 e6 2. d4 d5 3. exd5 exd5 4. Bd3 Nf6 5. Nf3 Bd6 6. O-O O-O 7. Re1 Bg4 8.
Nbd2 c6 9. h3 Bh5 10. Nf1 Qc7 11. g4 Bg6 12. Ne5 Bxd3 13. Qxd3 Ne4 14. f3 Nc5
15. Qc3 Nca6 16. a3 Nd7 17. Nxd7 Qxd7 18. b4 Rfe8 19. Bd2 Rxe1 20. Rxe1 Re8 21.
Rxe8+ Qxe8 22. Qe3 Qxe3+ 23. Bxe3 Nc7 24. Nd2 b5 25. Nb3 Ne6 26. Na5 Nd8 27.
Kg2 Kf8 28. Bg5 f6 29. Be3 Bc7 30. Nb3 Ne6 31. c3 Ke8 32. Nc1 Kd7 33. Nd3 Bd6
34. h4 Kc7 35. f4 Nf8 36. Kf3 Nd7 37. f5 Nb6 38. Nb2 Kd7 39. Bf4 Nc8 40. a4 a6
41. a5 Be7 42. Nd3 Ke8 43. Bb8 Kd7 44. h5 h6 45. Nf4 Bd6 46. Bxd6 Nxd6 47. Ne6
Ne4 48. Ke3 Nxc3 49. Nc5+ Kc8 50. Nxa6 Nd1+ 51. Kf3 Nc3 52. Nc5 Na2 53. a6 Kb8
54. Nd7+ Ka7 55. Nxf6 Nxb4 56. Ne8 Nc2 57. Nxg7 Nxd4+ 58. Ke3 Nb3 59. g5 hxg5
60. h6 d4+ 61. Ke2 Nc1+ 62. Kd1 g4 63. Nh5 Nd3 64. h7 Nf2+ 65. Ke2 1-0

[Event "First Saturday 2011 februar FM-A"]
[Site "Budapest"]
[Date "2011.02.13"]
[Round "9"]
[White "Schimmer, Michael"]
[Black "Erdos, Boglarka"]
[Result "0-1"]
[WhiteElo "1889"]
[BlackElo "2157"]
[PlyCount "72"]
[EventDate "2011.02.05"]

1. e4 e6 2. d4 d5 3. Nc3 Nf6 4. e5 Nfd7 5. f4 c5 6. Nf3 Nc6 7. Be3 Be7 8. Bd3
Qb6 9. Na4 Qa5+ 10. c3 cxd4 11. Nxd4 Nxd4 12. Bxd4 b5 13. O-O bxa4 14. b4 axb3
15. axb3 Qc7 16. Qg4 g6 17. Qf3 Bb7 18. g4 Nc5 19. Bc2 h5 20. h3 a6 21. Qe3 Rc8
22. Rf3 Ne4 23. b4 hxg4 24. hxg4 Rh4 25. g5 Qc4 26. Bd3 Qb3 27. Qe1 Rg4+ 28.
Kf1 Qb2 29. Be2 Nd2+ 30. Kf2 Nxf3 31. Kxf3 Rh4 32. Rb1 Qc2 33. Qxh4 Qxb1 34.
Qh8+ Kd7 35. Qg7 Qe4+ 36. Kf2 Qxf4+ 0-1

[Event "First Saturday 2011 februar FM-A"]
[Site "Budapest"]
[Date "2011.02.13"]
[Round "9"]
[White "Juracsik, Jozsef"]
[Black "Szalanczy, Emil"]
[Result "1/2-1/2"]
[WhiteElo "2241"]
[BlackElo "2239"]
[PlyCount "21"]
[EventDate "2011.02.05"]

1. e4 e5 2. Nf3 Nc6 3. Bb5 a6 4. Ba4 Nf6 5. O-O Be7 6. Re1 b5 7. Bb3 d6 8. c3
O-O 9. d4 Bg4 10. d5 Na5 11. Bc2 1/2-1/2

[Event "First Saturday 2011 februar FM-A"]
[Site "Budapest"]
[Date "2011.02.13"]
[Round "9"]
[White "Tran, Minh Trang"]
[Black "Zala, Gyula"]
[Result "0-1"]
[WhiteElo "2072"]
[BlackElo "2023"]
[PlyCount "62"]
[EventDate "2011.02.05"]

1. d4 b5 2. Bf4 g5 3. Bxg5 Bg7 4. e3 c5 5. c3 b4 6. Nf3 Bb7 7. Be2 a5 8. O-O
Qb6 9. Nbd2 h5 10. h4 Nh6 11. Nc4 Qc6 12. Ne1 Ng4 13. d5 Qg6 14. Bd3 f5 15. Qf3
Rf8 16. Bxe7 Rf7 17. Bxc5 Be5 18. Nxe5 Nxe5 19. Qf4 d6 20. Bb5+ Nbd7 21. Bd4
O-O-O 22. cxb4 Bxd5 23. bxa5 Bxg2 24. Nxg2 Rg8 25. Rfc1+ Kb8 26. Bf1 Rfg7 27.
a6 Qe6 28. Bxe5 Nxe5 29. Qb4+ Ka8 30. Rd1 Nf3+ 31. Kh1 f4 0-1

[Event "First Saturday 2011 februar FM-A"]
[Site "Budapest"]
[Date "2011.02.14"]
[Round "10"]
[White "Zala, Gyula"]
[Black "Mayer, Istvan"]
[Result "1-0"]
[WhiteElo "2023"]
[BlackElo "2069"]
[PlyCount "77"]
[EventDate "2011.02.05"]

1. e4 e6 2. a3 d5 3. e5 c5 4. f4 Nc6 5. Nf3 Nge7 6. b4 cxb4 7. axb4 Nxb4 8. c3
Nbc6 9. d4 h6 10. Bd3 a6 11. O-O Rb8 12. Ba3 Nf5 13. Bxf8 Kxf8 14. Qe1 g6 15.
Ra2 b5 16. g4 Ng7 17. Nh4 Ne7 18. Raf2 h5 19. f5 gxf5 20. gxf5 Nexf5 21. Nxf5
Nxf5 22. Bxf5 exf5 23. Kh1 Be6 24. Qc1 Qe7 25. Ra2 Rb6 26. Qf4 Bc8 27. Nd2 Rg8
28. Nf3 Rg4 29. Qc1 f4 30. h3 Rg3 31. Qxf4 Rxh3+ 32. Rh2 Rg6 33. Rxh3 Bxh3 34.
Nh4 Rg4 35. Qh6+ Ke8 36. Nf5 Bxf1 37. Nxe7 Kxe7 38. Qf6+ Ke8 39. Qxf1 1-0

[Event "First Saturday 2011 februar FM-A"]
[Site "Budapest"]
[Date "2011.02.14"]
[Round "10"]
[White "Szalanczy, Emil"]
[Black "Tran, Minh Trang"]
[Result "1-0"]
[WhiteElo "2239"]
[BlackElo "2072"]
[PlyCount "51"]
[EventDate "2011.02.05"]

1. e4 e6 2. d4 d5 3. Nc3 dxe4 4. Nxe4 Bd7 5. Nf3 Bc6 6. Bd3 Nd7 7. Qe2 Ngf6 8.
O-O Nxe4 9. Bxe4 Bxe4 10. Qxe4 c6 11. Bd2 Nf6 12. Qe2 Bd6 13. c4 Qe7 14. Rad1
O-O 15. Ne5 c5 16. dxc5 Bxc5 17. Bg5 Rfd8 18. Ng4 Rd4 19. Bxf6 gxf6 20. Nh6+
Kf8 21. Rxd4 Bxd4 22. Qg4 Qd8 23. Qg8+ Ke7 24. Qxf7+ Kd6 25. Qxb7 Qc7 26. Qxa8
1-0

[Event "First Saturday 2011 februar FM-A"]
[Site "Budapest"]
[Date "2011.02.14"]
[Round "10"]
[White "Erdos, Boglarka"]
[Black "Juracsik, Jozsef"]
[Result "1-0"]
[WhiteElo "2157"]
[BlackElo "2241"]
[PlyCount "81"]
[EventDate "2011.02.05"]

1. e4 c5 2. Nf3 d6 3. d4 cxd4 4. Nxd4 Nf6 5. Nc3 a6 6. h3 g6 7. g4 Bg7 8. Bg2
e6 9. Be3 Nbd7 10. Qd2 Ne5 11. b3 O-O 12. Nde2 Qc7 13. O-O d5 14. exd5 Nxd5 15.
Nxd5 exd5 16. Rad1 Nc6 17. Bxd5 Rd8 18. Bg5 Rxd5 19. Qxd5 Be6 20. Qc5 b6 21.
Qe3 Re8 22. Ng3 h5 23. gxh5 Bd7 24. Bf4 Qc8 25. Qxb6 Bxh3 26. hxg6 fxg6 27. Qc7
Qa8 28. Rfe1 Ne5 29. Re4 Nf3+ 30. Kh1 Rxe4 31. Nxe4 Qxe4 32. Qc4+ Qxc4 33. bxc4
Bd4 34. Be3 Bxe3 35. fxe3 g5 36. Rd5 Kf7 37. c5 Ke6 38. Rd6+ Ke5 39. Rh6 Be6
40. c6 Bd5 41. c7 1-0

[Event "First Saturday 2011 februar FM-A"]
[Site "Budapest"]
[Date "2011.02.14"]
[Round "10"]
[White "Lakat, Gyula"]
[Black "Schimmer, Michael"]
[Result "0-1"]
[WhiteElo "1930"]
[BlackElo "1889"]
[PlyCount "108"]
[EventDate "2011.02.05"]

1. d4 c5 2. e3 e6 3. Nf3 Nf6 4. c3 Be7 5. Be2 O-O 6. O-O d5 7. Nbd2 Nc6 8. dxc5
Bxc5 9. b4 Bd6 10. b5 Ne5 11. a4 Nxf3+ 12. Bxf3 Qc7 13. Qb3 Bxh2+ 14. Kh1 Be5
15. Bb2 Bd7 16. g4 Rac8 17. g5 Ne8 18. Rac1 Nd6 19. Bxd5 exd5 20. Qxd5 Nf5 21.
Nf3 Bd6 22. e4 Be6 23. Qd1 Ne7 24. c4 Bg4 25. Qb3 Ng6 26. Rg1 Bxf3+ 27. Qxf3
Be5 28. Ba3 Rfd8 29. c5 Rd4 30. b6 axb6 31. cxb6 Qd7 32. Qf5 Rxc1 33. Bxc1 Qxf5
34. exf5 Rh4+ 35. Kg2 Rg4+ 36. Kf1 Rxg1+ 37. Kxg1 Nf4 38. Be3 Nd5 39. Bc5 Bc3
40. Kg2 Ba5 41. Kf3 Nc3 42. Kf4 Nxa4 43. Be3 Nxb6 44. Ke4 Nd7 45. f3 Bc7 46.
Kd5 Kf8 47. Bc1 Ne5 48. Bf4 f6 49. gxf6 gxf6 50. Ke6 Kg7 51. Bg3 h5 52. Bh4 Bd8
53. f4 Nf3 54. Bf2 h4 0-1

[Event "First Saturday 2011 februar FM-A"]
[Site "Budapest"]
[Date "2011.02.15"]
[Round "11"]
[White "Schimmer, Michael"]
[Black "Tomasek, Tamas Mate"]
[Result "0-1"]
[WhiteElo "1889"]
[BlackElo "1986"]
[PlyCount "71"]
[EventDate "2011.02.05"]

1. e4 e6 2. d4 d5 3. Nc3 Nf6 4. e5 Nfd7 5. f4 c5 6. Nf3 Nc6 7. Be3 cxd4 8. Nxd4
Nxd4 9. Bxd4 Nb8 10. Bd3 Nc6 11. Ne2 Nxd4 12. Nxd4 Bc5 13. Nb3 b6 14. Nxc5 bxc5
15. c3 Qb6 16. Rb1 Bd7 17. Qg4 g6 18. h4 h5 19. Qe2 Bc6 20. Qf2 Rd8 21. O-O Bb5
22. Bxb5+ Qxb5 23. b4 cxb4 24. Qxa7 O-O 25. Rxb4 Qc6 26. Qd4 Ra8 27. Rf2 Rfc8
28. Rc2 Ra5 29. Kf2 Rc5 30. g3 Kf8 31. c4 Ke8 32. Ke3 dxc4 33. Qe4 Qa6 34. Qb7
Qa3+ 35. Kf2 Qd3 36. Rc1 0-1

[Event "First Saturday 2011 februar FM-A"]
[Site "Budapest"]
[Date "2011.02.15"]
[Round "11"]
[White "Juracsik, Jozsef"]
[Black "Lakat, Gyula"]
[Result "1-0"]
[WhiteElo "2241"]
[BlackElo "1930"]
[PlyCount "37"]
[EventDate "2011.02.05"]

1. e4 c5 2. Nf3 Nc6 3. Bb5 d6 4. O-O Nf6 5. Re1 Bd7 6. c3 Ne5 7. Bxd7+ Qxd7 8.
d4 Nxf3+ 9. Qxf3 Qg4 10. Qd3 O-O-O 11. f3 Qh4 12. Rd1 Nd7 13. Be3 e6 14. Qb5 f5
15. Nd2 Qe7 16. b4 cxb4 17. Rab1 a6 18. Qxb4 Nb8 19. Bg5 1-0

[Event "First Saturday 2011 februar FM-A"]
[Site "Budapest"]
[Date "2011.02.15"]
[Round "11"]
[White "Tran, Minh Trang"]
[Black "Erdos, Boglarka"]
[Result "0-1"]
[WhiteElo "2072"]
[BlackElo "2157"]
[PlyCount "90"]
[EventDate "2011.02.05"]

1. d4 d5 2. Bf4 Nf6 3. e3 c5 4. dxc5 Nc6 5. Bb5 Qa5+ 6. Nc3 a6 7. Bxc6+ bxc6 8.
Qd4 e6 9. b4 Qa3 10. Nge2 a5 11. b5 Bxc5 12. Qa4 Qb2 13. O-O cxb5 14. Nxb5 Bd7
15. Rab1 Bxb5 16. Qxb5+ Qxb5 17. Rxb5 Ba3 18. Rfb1 O-O 19. R1b3 Be7 20. a4 Rfc8
21. Rc3 Ne4 22. Rxc8+ Rxc8 23. f3 Nd2 24. Rxa5 g5 25. Bg3 Rxc2 26. Nd4 Rc1+ 27.
Kf2 Nc4 28. Ra8+ Kg7 29. Ra7 Kf6 30. h4 Bc5 31. hxg5+ Kg6 32. Rc7 Bb6 33. Rc8
Kg7 34. Bd6 Ra1 35. Bf8+ Kg6 36. Be7 Ra2+ 37. Kg1 Nxe3 38. Rg8+ Kh5 39. g4+
Nxg4 40. fxg4+ Kxg4 41. Bf6 Rxa4 42. Rg7 Bxd4+ 43. Kg2 Bxf6 44. gxf6+ Kf5 45.
Rxf7 Kg6 0-1

[Event "First Saturday 2011 februar FM-A"]
[Site "Budapest"]
[Date "2011.02.15"]
[Round "11"]
[White "Mayer, Istvan"]
[Black "Szalanczy, Emil"]
[Result "0-1"]
[WhiteElo "2069"]
[BlackElo "2239"]
[PlyCount "83"]
[EventDate "2011.02.05"]

1. e4 c5 2. Nf3 d6 3. d4 cxd4 4. Nxd4 Nf6 5. Bb5+ Nbd7 6. Nc3 g6 7. O-O Bg7 8.
a4 O-O 9. Kh1 Nc5 10. f3 a6 11. Bc4 Bd7 12. Be3 Rc8 13. Qe2 Qc7 14. Ba2 e5 15.
Nb3 Nxa4 16. Nxa4 Bxa4 17. Rfd1 Qxc2 18. Qxc2 Rxc2 19. Rxd6 Rxb2 20. Nc5 Bc6
21. Bg5 Ne8 22. Rd8 Bf6 23. Bxf6 Nxf6 24. Rd6 Ne8 25. Rdd1 Bb5 26. Nxb7 Kg7 27.
Nc5 Nf6 28. Rdb1 Rd2 29. Rd1 Rfd8 30. Bb3 h5 31. Rxd2 Rxd2 32. Ra2 Rd6 33. h4
Nd7 34. Na4 Rd3 35. Bd5 f5 36. Ra1 Kf6 37. Bb7 f4 38. Bc8 Ke7 39. Bxd7 Rxd7 40.
Nc3 Rd2 41. Nd5+ Kd6 {after 25 move} 42. Kg1 0-1